| 000 | 01344nkm a2200301 i 4500 | ||
|---|---|---|---|
| 001 | 3481 | ||
| 003 | ES-MaACL | ||
| 005 | 20250713062729.0 | ||
| 007 | khrbo | ||
| 008 | 051103s1985 sp --- g |001||spa d | ||
| 100 | 0 |
_aAlfonso, _d1902-1990 _919858 |
|
| 245 | 1 | 0 |
_aPresentación del libro "Ciudad del ave" de Octavio Uña [ _hFotografía] / _cAlfonso (sello). |
| 260 |
_a[S.l. : _bs.n.], _c1985. |
||
| 300 |
_a7 fot. : _bb. y n. ; _c12 x 18 cm. |
||
| 500 | _aDatos basados en invitación. | ||
| 511 | 0 | _aIntervienen: Octavio Uña, Carlos Moya, José Mª Díez-Borque, Concha Zardoya, Alfonso Ramos de Castro, Cesar Navarro de Francisco. | |
| 518 | _aActo organizado por el Ateneo de Madrid, celebrado en el salón de actos el viernes, 31 de mayo de 1985, a las 20:00 h. | ||
| 600 | 1 | 4 |
_aUña Juárez, Octavio, _d1945- _9112043 |
| 600 | 1 | 4 |
_aDíez Borque, José María, _d1947- _944682 |
| 600 | 1 | 4 |
_aZardoya, Concha, _d1914-2004 _9118071 |
| 600 | 1 | 4 |
_aRamos de Castro, Alfonso. _995302 |
| 600 | 1 | 4 |
_aNavarro de Francisco, César, _d1932- _985113 |
| 610 | 2 | 4 |
_aAteneo de Madrid- _xActos culturales- _y1985- _vFotografías. _91900 |
| 710 | 2 |
_aAteneo de Madrid. _91875 |
|
| 852 |
_aES-MaACL _jFOT 45/1985 |
||
| 856 | 4 |
_uhttp://www.ateneodemadrid.net/biblioteca_digital/imagenes/1985/0045-1985.jpg _zVer imagen |
|
| 999 |
_c3481 _d3481 |
||